|
|
|
|
| LEADER |
00000nab a2200000uu 4500 |
| 001 |
vtls010894877 |
| 003 |
SK-MaSNL |
| 005 |
20260303142040.0 |
| 008 |
230222|1967 xo |||||||||||||||||cze| |
| 015 |
|
|
|a SNBRB
|
| 035 |
|
|
|a (urnnbn)urn:nbn:sk:snk:ar-006h6o
|
| 035 |
|
|
|a (uuid)418bd094-d6bf-469e-86be-94e94e64f6b8
|
| 035 |
|
|
|a urn:nbn:sk:snk-ab8nwn
|
| 040 |
|
|
|a SNKBUCL
|b slo
|c SNKBUCL
|e AACR2
|
| 041 |
0 |
|
|a cze
|
| 044 |
|
|
|a xo
|c SK
|
| 100 |
1 |
|
|a Dobrev, Rumen
|4 aut
|9 1162115
|
| 245 |
1 |
0 |
|a MEZNÍ STAV ČTVERCOVÉ DESKY STATICKÉ ŘEŠENÍ
|c Rumen Dobrev
|
| 773 |
0 |
|
|t Stavebnícky časopis : mesačník pre teoretické problémy stavebných látok a konštrukcií
|g Roč. 15, č. 10 (1967), s. 624-630
|
| 958 |
|
|
|a OND
|
| 958 |
|
|
|a EUIPO
|
| 958 |
|
|
|a article10
|
| 999 |
|
|
|c 1980366
|d 1982296
|